Hình học mỏ

Сохранить в:
Библиографические подробности
Главный автор: Nguyễn Xuân Thụy
Формат:
Язык:Undetermined
Опубликовано: H. Xây Dựng 2002
Предметы:
Метки: Добавить метку
Нет меток, Требуется 1-ая метка записи!
Thư viện lưu trữ: Trung tâm Học liệu Trường Đại học Cần Thơ
LEADER 00549nam a2200193Ia 4500
001 CTU_56788
008 210402s9999 xx 000 0 und d
020 |b 29000 
082 |a 622.14 
082 |b Th523 
100 |a Nguyễn Xuân Thụy 
245 0 |a Hình học mỏ 
245 0 |c Nguyễn Xuân Thụy 
260 |a H. 
260 |b Xây Dựng 
260 |c 2002 
650 |a geometry, projective,geology,mine surveying,mathematical geography 
650 |x mathematics 
980 |a Trung tâm Học liệu Trường Đại học Cần Thơ